The theory of Lie derivatives and its applications /

Guardado en:
Autor Principal: Yano, Kentaro, 1912-
Formato: Libro
Idioma:English
Publicado: Amsterdam : North-Holland, 1957.
Series:Bibliotheca mathematica, a series of monographs on pure and applied mathematics ; v. 3
Etiquetas: Agregar Etiqueta
Sin Etiquetas, Sea el primero en etiquetar este registro!
LEADER 00585nam a22001695a 4500
001 MAT.inmabb000427
008 031211s1957####ne############001#0#eng#d
005 20110302183720.0
245 1 4 |a The theory of Lie derivatives and its applications /  |c by Kentaro Yano. 
260 |a Amsterdam :  |b North-Holland,  |c 1957. 
300 |a x, 299 p. ;  |c cm. 
440 0 |a Bibliotheca mathematica, a series of monographs on pure and applied mathematics ;  |v v. 3 
510 4 |a MR,  |c 19,576f 
100 1 |a Yano, Kentaro,  |d 1912- 
084 |a 53  |2 msc2000 
010 |a  57002764  
859 |h 53  |i Y24t  |p A-164  |b BIB. MATEMATICA